Haryanvi Naritaya Geet: Ek Adhyan (Record no. 6724)
[ view plain ]
| 000 -LEADER | |
|---|---|
| fixed length control field | 00313nam a2200121Ia 4500 |
| 008 - FIXED-LENGTH DATA ELEMENTS--GENERAL INFORMATION | |
| fixed length control field | 191201s2012 xx 000 0 und d |
| 100 ## - MAIN ENTRY--PERSONAL NAME | |
| Personal name | SAWARA, Anil |
| 245 #0 - TITLE STATEMENT | |
| Title | Haryanvi Naritaya Geet: Ek Adhyan |
| 260 ## - PUBLICATION, DISTRIBUTION, ETC. (IMPRINT) | |
| Place of publication, distribution, etc | N. Delhi |
| Name of publisher, distributor, etc | Haryana Granth Academy |
| Date of publication, distribution, etc | 2012 |
| 300 ## - PHYSICAL DESCRIPTION | |
| Extent | 93 |
| 650 ## - SUBJECT ADDED ENTRY--TOPICAL TERM | |
| Topical term or geographic name as entry element | General Books |
| 942 ## - ADDED ENTRY ELEMENTS (KOHA) | |
| Source of classification or shelving scheme | Dewey Decimal Classification |
| Koha item type | Text Books |
| Withdrawn status | Lost status | Source of classification or shelving scheme | Damaged status | Not for loan | Collection code | Home library | Current library | Shelving location | Date acquired | Source of acquisition | Cost, normal purchase price | Bill Number | Total Checkouts | Full call number | Acc. no. / Barcode | Date last seen | Actual Cost, discounted price | Bill Date | Koha item type | Public note |
|---|---|---|---|---|---|---|---|---|---|---|---|---|---|---|---|---|---|---|---|---|
| Dewey Decimal Classification | IKS- Indian Knowledge System | PIET C-LIBRARY | PIET C-LIBRARY | Ref. Sec. R02 | 19/09/2017 | Haryana Granth Academy | 80.00 | 4320 | 782.425 SAH | 29956 | 04/12/2019 | 56.00 | 16/09/2017 | Reference Books | History and Culture | |||||
| Dewey Decimal Classification | IKS- Indian Knowledge System | PIET C-LIBRARY | PIET C-LIBRARY | Ref. Sec. R02 | 19/09/2017 | Haryana Granth Academy | 80.00 | 4320 | 782.425 SAH | 29957 | 04/12/2019 | 56.00 | 16/09/2017 | Reference Books | History and Culture |